000 00369nam a2200145Ia 4500
008 150201s1995 xx 000 0 und d
082 _a617.525
_bP1995S
100 _aSUNIL KUMAR
245 _aPRINCIPLES AND PRACTICE OF SURGERY
250 _a1ST
260 _bC.B.S PUBLISHERS & DISTRIBUTERS
_aDELHI
_c1995
300 _a1-1400
650 _aSURGERY
942 _2ddc
_cBK
999 _c3031
_d3031